Study of the determinants of scholastic achievement in rural and urban areas (Record no. 21563)

MARC details
000 -LEADER
fixed length control field 00379nam a2200133Ia 4500
082 ## - DEWEY DECIMAL CLASSIFICATION NUMBER
Classification number TG.0242
100 ## - MAIN ENTRY--AUTHOR NAME
Personal name Ganguly, Malabika
245 #0 - TITLE STATEMENT
Title Study of the determinants of scholastic achievement in rural and urban areas
260 ## - PUBLICATION, DISTRIBUTION, ETC. (IMPRINT)
Year of publication 1989
Name of publisher Visva-Bharati University
300 ## - PHYSICAL DESCRIPTION
Number of Pages 511p. + C D - 36
650 ## - SUBJECT ADDED ENTRY--TOPICAL TERM
Topical Term ACADEMIC ACHIEVEMENT
710 ## - ADDED ENTRY--CORPORATE NAME
Corporate name or jurisdiction name as entry element Banerjee, N.P.
942 ## - ADDED ENTRY ELEMENTS (KOHA)
Koha item type Thesis
Source of classification or shelving scheme Dewey Decimal Classification
Holdings
Withdrawn status Lost status Damaged status Not for loan Home library Current library Date acquired Bill Date Full call number Accession Number Price effective from Koha item type
        NASSDOC Library NASSDOC Library 08/10/2004 2008-12-30 TG.0242 31727 18/04/2019 Thesis